000
00495nam a2200157Ia 4500
008
090123s9999 xx 000 0 und d
082
_b
17763
245
_a
आपले राष्ट्रपती
250
_a
0
260
_b
जगताप कारले प्रकाशन
_c
1973
300
_a
84
630
_a
आपले राष्ट्रपती
700
_a
प्रभु सुधाकर
730
_a
आपले राष्ट्रपती
942
_c
BOOK
999
_c
55822
_d
55822